| 000 | 01317nam a2200217Ia 4500 | ||
|---|---|---|---|
| 003 | Ost | ||
| 005 | 20260507075051.0 | ||
| 008 | 260507s9999||||xx |||||||||||||| ||und|| | ||
| 040 | _cfsecg | ||
| 041 | _aara | ||
| 082 | _a330 | ||
| 100 |
_aالنجفي، سالم توفيق _eمؤلف |
||
| 245 | 0 |
_aأساسيات علم الاقتصاد / _c سالم توفيق النجفي |
|
| 260 |
_aالقاهرة: _bالدار الدولية للاستثمارات الثقافية, _c2000 |
||
| 300 |
_a369 صفحة؛ _bإيضاحات ؛ _c24 سم |
||
| 520 | _aمبادئ اقتصادية رئيسية حول الاقتصاد الجزئي و تناول الطلب و العرض و التوازن و كذا الانتاج و التكاليف الانتاجية كما تم التطرق الى مفاهيم إقتصادية رئيسة حول الاقتصاد الكلي و التطرق الى النظرية الكلاسيكية في الدخل و الاستخدام و النظرية الكنزية مع تناول الاقتصاد الكلي و المتغيرات الرئيسية ( التنظيم التجارة الخارجية التنمية و النمو الاقتصادي) | ||
| 653 | _aالاقتصاد | ||
| 653 | _aالاقتصاد الكلي | ||
| 653 | _aالاقصاد الجزئي | ||
| 942 | _cكتاب | ||
| 999 |
_c42652 _d42652 |
||